书目信息 |
| 题名: |
关于按劳分配问题
|
|
| 作者: | ;三联书店编辑部 编 | |
| 分册: | ||
| 出版信息: | 北京 编者 1978 |
|
| 页数: | 532页 | |
| 开本: | 19cm | |
| 丛书名: | ||
| 单 册: | ||
| 中图分类: | F244 | |
| 科图分类: | ||
| 主题词: | 各尽所能,按劳分配--文集 , 劳动经济 | |
| 电子资源: | ||
| ISBN: | ||
| 000 | 00803nam0 2200253 45 | |
| 001 | 0178001593 | |
| 005 | 20060820155509.70 | |
| 010 | @dCNY1.35 | |
| 091 | @aCN@b4002.264 | |
| 100 | @a19950714d1978 em y0chiy0121 ea | |
| 101 | 0 | @achi |
| 102 | @aCN@b110000 | |
| 105 | @ay z 000yy | |
| 200 | 10 | @a关于按劳分配问题@Aguan yu an lao fen pei wen ti@e经济学界1977年第三次讨论会发言汇编@f三联书店编辑部编 |
| 210 | @a北京@c编者@d1978 | |
| 215 | @a532页@d19cm | |
| 300 | @a内部发行 | |
| 517 | 1 | @a经济学界1977年第三次讨论会发言汇编@Ajing ji xue jie 1977 nian di san ci tao lun hui fa yan hui bian |
| 606 | @a各尽所能,按劳分配@x文集 | |
| 606 | 0 | @a劳动经济 |
| 690 | @aF244@v3 | |
| 711 | 02 | @a三联书店编辑部@Asan lian shu dian bian ji bu@4编 |
| 801 | 0 | @aCN@bTSSF@c20060820 |
| 905 | @a10447@dF244@e37 | |
| 关于按劳分配问题:经济学界1977年第三次讨论会发言汇编/三联书店编辑部编.-北京:编者,1978 |
| 532页;19cm |
| 内部发行 |
| ISBN :CNY1.35 |
| ● |
| 相关链接 |
|
|
|
|
正题名:关于按劳分配问题
索取号:F244/37
 
预约/预借
| 序号 | 登录号 | 条形码 | 馆藏地/架位号 | 状态 | 备注 |
| 1 | 0471693 | 204716931 | 密集书库/ [索取号:F244/37] | 在馆 |